000 02177cam a22004454i 4500
003 PE-LiUPU
005 20250731165359.0
008 150923s2011 pe jrm 000 0 spa d
035 _a(Sirsi) a154574
040 _aPE-LiUPU
_bspa
_cPE-LiUPU
_erda
099 _aTE 3
_bE78 2011
100 1 _aEscalante Mera, Silvia Judith
_eautor
245 1 _aHábitos y técnicas de estudios y su relación con el rendimiento académico de los estudiantes del cuarto curso del bachillerato del Colegio Adventista del Ecuador /
_cSilvia Judith Escalante Mera.
264 0 _c2011.
300 _a89 hojas
_c30 cm
336 _atext
_2rdacontent
337 _aunmediated
_2rdamedia
338 _avolume
_2rdacarrier
502 _aTesis
_b(Mg.) --
_cUniversidad Peruana Unión,
_d2011.
504 _aIncluye referencias
520 3 _aLas técnicas de estudio constituyen una serie de aptitudes y practicas que facilitan al alumno un aprendizaje eficaz con el propósito de optimizar el rendimiento académico. La finalidad de esta investigación es conocer la incidencia de las aptitudes y practicas de estudio en el rendimiento académico. La investigación se realizó en la provincia de Santo Domingo de los Tsáchilas, Provincia de la Republica del Ecuador, durante el año lectivo 2005. Se contó con la participación de los alumnos del cuarto curso del bachillerato del Colegio Adventista del Ecuador. El propósito de este trabajo fue determinar la correlación de los hábitos y técnicas de estudio con el rendimiento académico de los alumnos del cuarto curso del Bachillerato del Colegio Adventista del Ecuador.
526 _aSEG44
526 _aSEG26
526 _aP151
526 _aP150
526 _aP149
526 _aP146
526 _aP145
526 _aP126
526 _aP125
526 _aP92
526 _aP75
526 _aP74
526 _aP27
526 _aP15
650 0 4 _aRendimiento académico
_xMétodos de estudio
_vTesis.
596 _a1
942 _2ddc
_cTESIS
999 _aTE 3 E78 2011
_wALPHANUM
_c7277
_iT01260
_lCCODEBUL3
_mBUL
_r1
_sY
_tTESIS
_u2015-9-23
_xPOSGRADO
_PP57
_o.STAFF. Tesis
_d7277
980 _81
_gALBERTO SANCHEZ Responsable de Automatización